000 00841nam a2200241Ia 4500
003 OSt
005 20220923220832.0
006 a|||||r|||| 00| 0
007 ta
008 220922b |||||||| |||| 00| 0 hin d
024 _a191,140
037 _cTextual
040 _aARTS
_cARTS
_bhin
041 _2hin
_ahin
082 _aR85vN, L6
100 _aमसीह, याकुब
245 0 _aपाश्चात्य आधुनिक दर्शन की समीक्षात्मक व्याख्या
246 _aPāshchātya ādhunik darshan kī samīkṣhātmak vyākhyā
260 _aदिल्ली
_b मोंतीलाल बनारसीदास
_c1976
300 _a271पृ.
_ccm.
942 _hR85vN, L6
_cTEXL
_2CC
999 _c343859
_d343859